Semi-homemade: The complete cookbook (Record no. 14170)

MARC details
000 -LEADER
fixed length control field 00447nam a2200169Ia 4500
008 - FIXED-LENGTH DATA ELEMENTS--GENERAL INFORMATION
fixed length control field 230917s9999||||xx |||||||||||||| ||und||
020 ## - ISBN
Price USD29.95
040 ## - CATALOGING SOURCE
-- 223870
Original cataloging agency VIVEKANANDA LIBRARY
041 ## - Language
-- English
082 ## - DDC NUMBER
Classification number 641.5973 S515S
100 ## - MAIN ENTRY--PERSONAL NAME
Personal name Lee, Sandra
245 #0 - TITLE STATEMENT
Title Semi-homemade: The complete cookbook
260 ## - PUBLICATION, DISTRIBUTION, ETC. (IMPRINT)
Place of publication, distribution, etc Hoboken
Name of publisher, distributor, etc John Wiley
Date of publication, distribution, etc 2010
300 ## - PHYSICAL DESCRIPTION
Pages 576 p.
500 ## - GENERAL NOTE
General note 1915 27/01/2015 APD1014084 12/03/2015 IHTM (SFS)
942 ## - ADDED ENTRY ELEMENTS (KOHA)
Koha item type Books
Holdings
Withdrawn status Lost status Damaged status Not for loan Location (home branch) Sublocation or collection (holding branch) Shelving location Date acquired Koha issues (times borrowed) Koha full call number Accession No. Koha date last seen Koha item type
        VIVEKANANDA LIBRARY VIVEKANANDA LIBRARY IHTM Library 03/05/2015   641.5973 S515S 348419 17/09/2023 Books
© Designed and Maintained by Vivekananda Library, MDU Rohtak